000 00718nam a2200289Ia 4500
001 8743
005 20240113234131.0
007 ta
008 050722s1983 a g b000 u eng u
020 _cPB
040 _aCotton College,Assam
041 _aeng
082 _a574.5
_bMa 314 Ec
100 _aMani, M.S. .
245 0 _aEcology and Evolution /
_cM.S.Mani.
_hTextual Documents
250 _a1st ed /
260 _aAgra :
_bSatish Book Enterprise ,
_c1983.
300 _aviii,256p. :
_bill. ;
_c21cm. .
504 _aIndex
653 _aBiology
653 _aEcology
653 _aEvolution
653 _aLife science-Biology
942 _2ddc
_cBK
999 _c8730
_d8730